[Event "Oberfranken-ch Seniors 27th"]
[Site "Bischofsgruen"]
[Date "2010.05.05"]
[Round "1"]
[White "Pape, Manfred"]
[Black "Jeske, Guenter"]
[Result "1-0"]
[WhiteElo "2231"]
[BlackElo "1916"]
[PlyCount "52"]
[EventDate "2010.05.05"]
[EventType "swiss"]
[EventRounds "9"]
[EventCountry "GER"]
[SourceTitle "EXT 2022"]
[Source "ChessBase"]
[SourceDate "2021.10.06"]
[SourceVersion "1"]
[SourceVersionDate "2021.10.06"]
[SourceQuality "1"]

1. Nf3 c5 2. g3 Nc6 3. Bg2 Nf6 4. d3 d6 5. e4 e5 6. Nbd2 Be6 7. c3 Be7 8. h3 a6 9. 0-0 0-0 10. Re1 h6 11. Nf1 Qd7 12. Kh2 Kh7 13. d4 cxd4 14. cxd4 Nxd4 15. Nxd4 exd4 16. Qxd4 Rac8 17. Ne3 g6 18. f4 Qe8 19. Bd2 Rg8 20. Bc3 Nh5 21. Bf3 Ng7 22. g4 Qb5 23. f5 Bd7 24. Nd5 Bh4 25. Nf6+ Bxf6 26. Qxf6 Qe5+ 1-0

[Event "Oberfranken-ch Seniors"]
[Site "Bischofsgruen"]
[Date "2009.06.09"]
[Round "5"]
[White "Jeske, Guenter"]
[Black "Weidmann, Hartmut"]
[Result "1-0"]
[WhiteElo "1916"]
[BlackElo "1649"]
[PlyCount "63"]
[EventDate "2009.06.05"]
[EventType "swiss"]
[EventRounds "9"]
[EventCountry "GER"]
[SourceTitle "EXT 2012"]
[Source "ChessBase"]
[SourceDate "2011.11.24"]
[SourceVersion "1"]
[SourceVersionDate "2011.11.24"]
[SourceQuality "1"]

1. c4 Nf6 2. Nc3 g6 3. e4 d6 4. g3 Nc6 5. Bg2 Bg7 6. Nge2 Ne5 7. d3 Bg4 8. f4 Nf3+ 9. Bxf3 Bxf3 10. 0-0 Bg4 11. Be3 c5 12. Qd2 Bh3 13. Rfd1 Ng4 14. Kh1 Nxe3 15. Qxe3 b6 16. Rg1 Qc7 17. g4 h5 18. Qxh3 hxg4 19. Qxg4 e6 20. f5 Be5 21. Ng3 gxf5 22. exf5 Ke7 23. fxe6 fxe6 24. Qg5+ Kd7 25. Raf1 Qc6+ 26. Nce4 Rag8 27. Rf7+ Kc8 28. Qe3 Rg4 29. Qf3 Rgh4 30. Rf8+ Rxf8 31. Qxf8+ Kb7 32. Qe7+ 1-0

[Event "Oberfranken-ch Seniors"]
[Site "Bischofsgruen"]
[Date "2009.06.08"]
[Round "4"]
[White "Froehling, Philippa"]
[Black "Jeske, Guenter"]
[Result "0-1"]
[WhiteElo "1259"]
[BlackElo "1916"]
[PlyCount "52"]
[EventDate "2009.06.05"]
[EventType "swiss"]
[EventRounds "9"]
[EventCountry "GER"]
[SourceTitle "EXT 2012"]
[Source "ChessBase"]
[SourceDate "2011.11.24"]
[SourceVersion "1"]
[SourceVersionDate "2011.11.24"]
[SourceQuality "1"]

1. Nf3 Nf6 2. d4 d5 3. Nbd2 e6 4. c4 c6 5. cxd5 cxd5 6. g3 Nc6 7. e3 Bb4 8. Bb5 Qa5 9. Qa4 Bd7 10. Qxa5 Bxa5 11. Bxc6 Bxc6 12. 0-0 Bb5 13. Re1 Ne4 14. a3 Nxd2 15. Bxd2 Bb6 16. Bb4 f6 17. Rec1 Kf7 18. a4 Bc6 19. a5 Bd8 20. a6 Rc8 21. axb7 Bxb7 22. Rxc8 Bxc8 23. Rxa7+ Kg6 24. Nh4+ Kh6 25. Ra8 Bd7 26. f4 g5 0-1

[Event "GER-chT Seniors 12th"]
[Site "Finsterbergen"]
[Date "2003.08.14"]
[Round "5.4"]
[White "Jaeger, Erich"]
[Black "Jeske, Guenter"]
[Result "1-0"]
[WhiteElo "1474"]
[BlackElo "1573"]
[PlyCount "55"]
[EventDate "2003.08.10"]
[EventType "team"]
[EventRounds "7"]
[EventCountry "GER"]
[SourceTitle "EXT 2012"]
[Source "ChessBase"]
[SourceDate "2011.11.24"]
[SourceVersion "1"]
[SourceVersionDate "2011.11.24"]
[SourceQuality "1"]
[WhiteTeam "Rheinland Pfalz II"]
[BlackTeam "Mecklenburg Vorpommern II"]
[WhiteTeamCountry "GER"]
[BlackTeamCountry "GER"]

1. d4 d5 2. c4 e6 3. Nc3 Nf6 4. Bg5 dxc4 5. e3 Nbd7 6. Bxc4 Be7 7. Nf3 a6 8. a4 0-0 9. 0-0 b6 10. Rc1 Bb7 11. Qc2 Rc8 12. Qe2 Ra8 13. e4 h6 14. Bd2 c6 15. Ba2 b5 16. e5 Nd5 17. Bb1 Nxc3 18. bxc3 h5 19. Qe4 g6 20. axb5 axb5 21. Bh6 Re8 22. h4 Rb8 23. Qf4 c5 24. Ng5 f5 25. exf6 Bxf6 26. Bxg6 Nf8 27. Bxe8 Qd5 28. Bf7+ 1-0

[Event "GER-chT Seniors 12th"]
[Site "Finsterbergen"]
[Date "2003.08.13"]
[Round "4.4"]
[White "Jeske, Guenter"]
[Black "Noack, Rolf"]
[Result "1-0"]
[WhiteElo "1573"]
[BlackElo "1546"]
[PlyCount "85"]
[EventDate "2003.08.10"]
[EventType "team"]
[EventRounds "7"]
[EventCountry "GER"]
[SourceTitle "EXT 2012"]
[Source "ChessBase"]
[SourceDate "2011.11.24"]
[SourceVersion "1"]
[SourceVersionDate "2011.11.24"]
[SourceQuality "1"]
[WhiteTeam "Mecklenburg Vorpommern II"]
[BlackTeam "Thueringen III"]
[WhiteTeamCountry "GER"]
[BlackTeamCountry "GER"]

1. c4 Nf6 2. Nc3 c6 3. e4 e5 4. Nge2 d5 5. cxd5 cxd5 6. exd5 Nxd5 7. Nxd5 Qxd5 8. Nc3 Qa5 9. g3 Nc6 10. Bg2 Bd7 11. 0-0 Bd6 12. d3 0-0 13. Bd2 Qd8 14. Ne4 Be7 15. f4 f5 16. Nf2 exf4 17. Bxf4 Kh8 18. Kh1 Bc5 19. Nh3 Nd4 20. Rc1 Qb6 21. Qh5 Be8 22. Qd1 Bf7 23. b3 Rfe8 24. Ng5 Bg6 25. Nf3 Bh5 26. Qd2 Re2 27. Qc3 Ne6 28. Bh6 Bxf3 29. Bxf3 Bd4 30. Qc4 Re5 31. Bf4 Rc5 32. Qa4 Nxf4 33. gxf4 Rxc1 34. Rxc1 Rd8 35. Qc4 h6 36. Qf7 Be3 37. Rc7 Qd4 38. Qxf5 Bxf4 39. Be4 Qa1+ 40. Kg2 Qb2+ 41. Kf3 Kg8 42. Qh7+ Kf8 43. Qh8# 1-0

[Event "Bayern-ch Seniors 14th"]
[Site "Schloss Schney"]
[Date "2002.06.07"]
[Round "8"]
[White "Melzig, Ernst"]
[Black "Jeske, Guenter"]
[Result "0-1"]
[WhiteElo "1394"]
[BlackElo "1625"]
[PlyCount "164"]
[EventDate "2002.05.31"]
[EventType "swiss"]
[EventRounds "9"]
[EventCountry "GER"]
[SourceTitle "EXT 2003"]
[Source "ChessBase"]
[SourceDate "2002.11.25"]
[SourceVersion "1"]
[SourceVersionDate "2002.11.25"]
[SourceQuality "1"]

1. b4 d5 2. Bb2 Nf6 3. e3 e6 4. b5 Be7 5. c4 dxc4 6. Bxc4 Nbd7 7. d4 Nb6 8. Qb3 Nxc4 9. Qxc4 b6 10. Nf3 Bb7 11. Nbd2 Rc8 12. 0-0 c5 13. bxc6 Bxc6 14. Qe2 Qd5 15. Qc4 Qd8 16. Rac1 Bb7 17. Qb5+ Qd7 18. Rxc8+ Bxc8 19. Qxd7+ Nxd7 20. Rc1 0-0 21. Rc7 Bb4 22. Rxa7 Nf6 23. a3 Bxd2 24. Nxd2 b5 25. f3 Bd7 26. e4 Rd8 27. d5 Ne8 28. Bc3 Rc8 29. dxe6 Bxe6 30. Bb4 h6 31. Rb7 Nc7 32. Ba5 Na6 33. Rxb5 Rc1+ 34. Kf2 Rc2 35. Kg3 Ra2 36. Bb4 Nxb4 37. axb4 Rxd2 38. Rb8+ Kh7 39. b5 Bc4 40. b6 Rb2 41. Kf4 f6 42. Ke3 Rxg2 43. Kd4 Ba6 44. Ra8 Bb7 45. Rb8 Ba6 46. Ra8 Rd2+ 47. Kc5 Rc2+ 48. Kd6 Bb7 49. Rb8 Rc6+ 50. Kd7 Rxb6 51. Kc7 Rb2 52. Rxb7 Rxh2 53. Kd6 Rh3 54. Rb3 Kg6 55. Ke6 h5 56. Kd5 Rg3 57. Rb2 Kg5 58. Rb7 Kf4 59. e5 fxe5 60. Rf7+ Ke3 61. Kxe5 h4 62. f4 h3 63. Ra7 Kf3 64. Ra3+ Kg4 65. Ra7 Kh4 66. Ra8 Rg6 67. f5 Rg4 68. Ra2 Rg5 69. Ra4+ Rg4 70. Ra2 Rg2 71. Ra4+ Kg3 72. Ra3+ Kh2 73. Rf3 Re2+ 74. Kf4 Kg2 75. Rg3+ Kh2 76. Rf3 Rc2 77. Ra3 Rf2+ 78. Ke3 Kg2 79. Ra7 Rf3+ 80. Ke2 Rg3 81. Ke1 h2 82. Ra2+ Kh3 0-1

[Event "Mecklenburg VP-ch Seniors op"]
[Site "Waren"]
[Date "2002.??.??"]
[Round "5"]
[White "Jeske, Guenter"]
[Black "Kirstein, Hans Ernst"]
[Result "1/2-1/2"]
[WhiteElo "1591"]
[BlackElo "1916"]
[PlyCount "86"]
[EventDate "2002.??.??"]
[EventType "swiss"]
[EventRounds "7"]
[EventCountry "GER"]
[SourceTitle "EXT 2022"]
[Source "ChessBase"]
[SourceDate "2021.10.06"]
[SourceVersion "1"]
[SourceVersionDate "2021.10.06"]
[SourceQuality "1"]

1. c4 d6 2. Nc3 e5 3. e4 f5 4. exf5 Bxf5 5. d3 Nf6 6. f3 c6 7. Nge2 Be7 8. g3 Nbd7 9. Bg2 Nc5 10. Ne4 Qa5+ 11. N2c3 Ncxe4 12. dxe4 Be6 13. Qd3 0-0 14. Be3 d5 15. cxd5 cxd5 16. Bd2 Qd8 17. 0-0 dxe4 18. Qe2 exf3 19. Bxf3 Bc5+ 20. Kg2 Qd7 21. Kh1 Bd4 22. Rad1 Rac8 23. b3 Bh3 24. Rfe1 Bf5 25. Nb5 e4 26. Bg2 Bg4 27. Qf1 Bxd1 28. Rxd1 Ng4 29. Bf4 Nf2+ 30. Qxf2 Rc1 31. Qe1 Rxd1 32. Qxd1 Qxb5 33. Qxd4 Re8 34. Be3 Qd3 35. Kg1 Qb1+ 36. Bf1 Rf8 37. Qc4+ Kh8 38. Qe2 b6 39. Bf4 h6 40. h4 Qa1 41. Kh2 Re8 42. Bg2 Qd4 43. Be3 Qe5 1/2-1/2

[Event "Mecklenburg VP-ch Seniors op"]
[Site "Waren"]
[Date "2002.??.??"]
[Round "3"]
[White "Karwen, Werner"]
[Black "Jeske, Guenter"]
[Result "1/2-1/2"]
[WhiteElo "1381"]
[BlackElo "1591"]
[PlyCount "102"]
[EventDate "2002.??.??"]
[EventType "swiss"]
[EventRounds "7"]
[EventCountry "GER"]
[SourceTitle "EXT 2022"]
[Source "ChessBase"]
[SourceDate "2021.10.06"]
[SourceVersion "1"]
[SourceVersionDate "2021.10.06"]
[SourceQuality "1"]

1. e4 c5 2. Nf3 e6 3. d4 cxd4 4. Nxd4 Nc6 5. Nc3 a6 6. Be3 Be7 7. Bc4 Qc7 8. Bb3 Nf6 9. f3 Na5 10. a3 Nc4 11. Bxc4 Qxc4 12. Qe2 Qc7 13. Qd3 b5 14. 0-0 Bb7 15. Rad1 Rc8 16. Kh1 0-0 17. f4 d6 18. Nf3 Ng4 19. Bg1 Rfd8 20. h3 Nf6 21. Kh2 g6 22. g3 d5 23. e5 Ne4 24. Bd4 Bc5 25. Bxc5 Nxc5 26. Qe2 Nd7 27. Nd4 Nb6 28. Nb1 Na4 29. c3 Nc5 30. h4 Nd7 31. h5 Kg7 32. Kg2 Rh8 33. Rh1 Rcg8 34. h6+ Kf8 35. Qg4 Nc5 36. Rdf1 Qe7 37. Rf2 Ne4 38. Rff1 Ke8 39. Qe2 Kd8 40. Nd2 Kc7 41. N2f3 Kb8 42. g4 f6 43. exf6 Qxf6 44. Ne5 Ka8 45. Nd3 Qe7 46. Rh3 Rf8 47. Rhf3 Qh4 48. Rh3 Qe7 49. Rhf3 Rf6 50. g5 Rf7 51. Ne5 Rff8 1/2-1/2

[Event "Bad Woerishofen Seniors op 16th"]
[Site "Bad Woerishofen"]
[Date "2000.??.??"]
[Round "2"]
[White "Reinke, Kurt"]
[Black "Jeske, Guenter"]
[Result "1-0"]
[WhiteElo "1785"]
[BlackElo "1610"]
[PlyCount "103"]
[EventDate "2000.03.??"]
[EventType "swiss"]
[EventRounds "9"]
[EventCountry "GER"]
[SourceTitle "EXT 2003"]
[Source "ChessBase"]
[SourceDate "2002.11.25"]
[SourceVersion "1"]
[SourceVersionDate "2002.11.25"]
[SourceQuality "1"]

1. d4 d5 2. Nf3 Nf6 3. c4 e6 4. Bg5 Be7 5. e3 Nbd7 6. Nc3 c5 7. Bd3 dxc4 8. Bxc4 a6 9. 0-0 b5 10. Bd3 c4 11. Bc2 Bb7 12. Qe2 0-0 13. e4 h6 14. Bh4 Nh7 15. Bg3 Ndf6 16. Bf4 Nd7 17. Rad1 Ng5 18. d5 Nxf3+ 19. Qxf3 e5 20. Be3 Bg5 21. Qe2 Rc8 22. g3 Bxe3 23. Qxe3 Nf6 24. h3 Qd7 25. Kh2 Rcd8 26. f4 Bc8 27. f5 Nh7 28. g4 f6 29. h4 Qf7 30. Rd2 Rd6 31. Rg2 g5 32. h5 Qc7 33. b4 Bd7 34. a4 Ra8 35. Ra1 Rb8 36. Qc5 Qb6 37. a5 Qxc5 38. bxc5 b4 39. Ne2 b3 40. Rb1 Rxd5 41. exd5 Bb5 42. Be4 Nf8 43. Nc3 Nd7 44. c6 Nc5 45. c7 Rc8 46. d6 Nxe4 47. Nxe4 Kf7 48. d7 Bxd7 49. Nd6+ Ke7 50. Nxc8+ Bxc8 51. Rc1 Bb7 52. Rxc4 1-0

[Event "Bad Woerishofen Seniors op 16th"]
[Site "Bad Woerishofen"]
[Date "2000.??.??"]
[Round "4"]
[White "Schneider, Miloca"]
[Black "Jeske, Guenter"]
[Result "1-0"]
[WhiteElo "1780"]
[BlackElo "1610"]
[PlyCount "40"]
[EventDate "2000.03.??"]
[EventType "swiss"]
[EventRounds "9"]
[EventCountry "GER"]
[SourceTitle "EXT 2003"]
[Source "ChessBase"]
[SourceDate "2002.11.25"]
[SourceVersion "1"]
[SourceVersionDate "2002.11.25"]
[SourceQuality "1"]

1. d4 d5 2. c4 e6 3. Nf3 Nf6 4. Bg5 Be7 5. e3 Nbd7 6. Nc3 b6 7. cxd5 exd5 8. Bd3 Bb7 9. 0-0 0-0 10. Rc1 Rc8 11. Bf5 g6 12. Bh3 Ne4 13. Bh6 Re8 14. Ne5 f5 15. Nxe4 Nxe5 16. dxe5 dxe4 17. Qa4 Ra8 18. Rfd1 Qc8 19. Rd7 c6 20. Qc4+ Kh8 1-0

[Event "Bayern-ch Seniors 09th"]
[Site "Schloss Schney"]
[Date "1997.??.??"]
[Round "7"]
[White "Schindhelm, Kurt"]
[Black "Jeske, Guenter"]
[Result "1-0"]
[WhiteElo "1801"]
[BlackElo "1634"]
[PlyCount "137"]
[EventDate "1997.??.??"]
[EventType "swiss"]
[EventRounds "9"]
[EventCountry "GER"]
[SourceTitle "EXT 1999"]
[Source "ChessBase"]
[SourceDate "1998.11.16"]
[SourceVersion "1"]
[SourceVersionDate "1998.11.16"]
[SourceQuality "1"]

1. d4 d5 2. Nf3 Nf6 3. c4 e6 4. Nc3 b6 5. a3 Bb7 6. cxd5 exd5 7. Bg5 Be7 8. e3 a6 9. Bd3 Nbd7 10. Rc1 g6 11. h3 Rc8 12. Bh6 Bf8 13. Bxf8 Nxf8 14. a4 c6 15. 0-0 N8d7 16. Na2 c5 17. b3 0-0 18. Qe2 Ra8 19. Qb2 Rc8 20. Rc2 Ne4 21. Rfc1 f5 22. dxc5 bxc5 23. h4 Qf6 24. Bxe4 Qxb2 25. Rxb2 fxe4 26. Ng5 Rf6 27. Rd2 Ne5 28. Rcd1 Nd3 29. Nc1 c4 30. Nxd3 cxd3 31. Nh3 Rfc6 32. Nf4 Rc3 33. Rb1 Rc1+ 34. Rd1 Rxb1 35. Rxb1 d2 36. Ne2 Rc2 37. Kh2 a5 38. Rd1 Bc8 39. Kg3 h6 40. Nd4 Rb2 41. Kf4 g5+ 42. hxg5 hxg5+ 43. Kxg5 Kf7 44. Kf4 Kf6 45. f3 Bb7 46. g4 Ra2 47. Kg3 Rb2 48. f4 Bc8 49. Kh4 Bd7 50. Kh5 Be8+ 51. Kh6 Bd7 52. f5 Ke5 53. Rf1 d1Q 54. Rxd1 Rh2+ 55. Kg5 Rh3 56. Re1 Rh8 57. Rc1 Rg8+ 58. Kh4 Rh8+ 59. Kg3 Rg8 60. Rc7 Kd6 61. Ra7 Be8 62. Kf4 Rh8 63. Rxa5 Rh1 64. Ra6+ Ke7 65. f6+ Kf7 66. Nf5 Kg6 67. Ne7+ Kf7 68. Nxd5 Rf1+ 69. Kxe4 1-0

[Event "Bayern-ch Seniors 09th"]
[Site "Schloss Schney"]
[Date "1997.??.??"]
[Round "2"]
[White "Wein, Wolfgang"]
[Black "Jeske, Guenter"]
[Result "1-0"]
[WhiteElo "1840"]
[BlackElo "1634"]
[PlyCount "119"]
[EventDate "1997.??.??"]
[EventType "swiss"]
[EventRounds "9"]
[EventCountry "GER"]
[SourceTitle "EXT 1999"]
[Source "ChessBase"]
[SourceDate "1998.11.16"]
[SourceVersion "1"]
[SourceVersionDate "1998.11.16"]
[SourceQuality "1"]

1. d4 d5 2. c4 e6 3. Nc3 Nf6 4. Nf3 Be7 5. Bg5 Nbd7 6. e3 b6 7. cxd5 exd5 8. Bb5 0-0 9. 0-0 Bb7 10. Qe2 a6 11. Bd3 Ne4 12. Bxe7 Qxe7 13. a3 b5 14. Rfd1 Rac8 15. Bxe4 dxe4 16. Nd2 Nf6 17. b4 g6 18. Nb3 Nd5 19. Rac1 Nxc3 20. Rxc3 Bd5 21. Rdc1 f5 22. Qc2 Rf7 23. Na5 Qd6 24. Nc6 f4 25. Ne5 fxe3 26. Nxf7 exf2+ 27. Qxf2 Bxf7 28. Rc6 Qe7 29. Qf4 Qd7 30. Qe5 Rd8 31. Rxc7 Qxd4+ 32. Qxd4 Rxd4 33. Ra7 Bc4 34. Rc3 Rd1+ 35. Kf2 Rf1+ 36. Kg3 Re1 37. a4 e3 38. axb5 axb5 39. Re7 e2 40. Ra3 Rf1 41. Ra8+ Rf8 42. Rxf8+ Kxf8 43. Re4 Bd3 44. Re3 Bc4 45. Kf2 Kf7 46. Ke1 Kf6 47. Kd2 Kf5 48. Rc3 Ke4 49. Rh3 h5 50. Rh4+ Kd5 51. g4 hxg4 52. Rxg4 Ke5 53. Rxg6 Kf5 54. Rc6 Ke5 55. h4 Kd5 56. Rc5+ Kd4 57. h5 Bd3 58. h6 Bh7 59. Rc7 Bd3 60. Rd7+ 1-0

[Event "Bayern-ch Seniors 08th"]
[Site "Schloss Schney"]
[Date "1996.??.??"]
[Round "1"]
[White "Seyb, Helmuth"]
[Black "Jeske, Guenter"]
[Result "1-0"]
[WhiteElo "1875"]
[BlackElo "1645"]
[PlyCount "68"]
[EventDate "1996.06.21"]
[EventType "swiss"]
[EventRounds "9"]
[EventCountry "GER"]
[SourceTitle "EXT 2006"]
[Source "ChessBase"]
[SourceDate "2005.11.24"]
[SourceVersion "1"]
[SourceVersionDate "2005.11.24"]
[SourceQuality "1"]

1. e4 c5 2. Nf3 Nc6 3. Bb5 a6 4. Bxc6 bxc6 5. 0-0 e6 6. c4 Be7 7. Nc3 Bb7 8. d4 cxd4 9. Nxd4 d6 10. Be3 Nf6 11. f3 0-0 12. Qd2 c5 13. Nde2 Nd7 14. Bf4 Ne5 15. b3 Ng6 16. Bg3 Qc7 17. Rad1 Rad8 18. f4 f5 19. exf5 exf5 20. Nd5 Bxd5 21. Qxd5+ Kh8 22. Qd3 Bf6 23. Be1 Ne7 24. Bc3 Bxc3 25. Nxc3 Qb7 26. Rfe1 Rf6 27. Re2 Rg6 28. Rde1 h6 29. g3 Rd7 30. Re6 Rxe6 31. Rxe6 d5 32. Nxd5 Nxd5 33. Re8+ Kh7 34. Qxf5+ g6 1-0